Potter Book or Potted Book? Quiz Stats

 Plays Quiz Updated Jan 29, 2019

Support Sporcle.
Go Orange.
Score 0/25 Timer 04:00
2 Plays Today
% Correct
Quidditch Through the Ages
91%
Hogwarts: A History
91%
The Tales of Beedle the Bard
89.4%
Fantastic Beasts and Where to Find Them
88.7%
The Monster Book of Monsters
86.6%
The Life and Lies of Albus Dumbledore
86.4%
One Thousand Magical Herbs and Fungi
86.4%
Defensive Magical Theory
82.5%
The Rise and Fall of the Dark Arts
81.4%
Ancient Runes Made Easy
77.9%
Unfogging the Future
77.6%
Flying with the Cannons
71.6%
Gadding with Ghouls
69.6%
% Correct
Moste Potente Potions
68.9%
Invisible Book of Invisibility
68.3%
Break with a Banshee
68%
Basic Hexes for the Busy and Vexed
63.9%
Spellman's Syllabary
62.7%
The Dream Oracle
56.9%
Prefects Who Gained Power
55.7%
Powers You Never Knew You Had and What to do with Them Now that You've Wised Up
50.4%
Where There's a Wand, There's a Way
49.4%
Armando Dippet: Master or Moron?
49.1%
Charm Your Own Cheese
44.6%
Handbook of Hippogriff Psychology
39.2%

From the Vault

Flag Color Click: South Africa

by Scuadrado

Geography 60s
Of course the country with 3 capitals would have a flag with 6 colors.
Remove Ads.
Support Sporcle.
Get the best of Sporcle when you Go Orange. This ad-free experience offers more features, more stats, and more fun while also helping to support Sporcle. Thank you for becoming a member.

Show Comments

Extras

Top Quizzes Today


Score Distribution

Your Account Isn't Verified!

In order to create a playlist on Sporcle, you need to verify the email address you used during registration. Go to your Sporcle Settings to finish the process.

Report this User

Report this user for behavior that violates our Community Guidelines.

Details: